00454nam a2200133Ia 4500020001800000082001900018100001900037245007400056260003700130300001200167504003400179650003900213650006800252 a9788184659115 a911.545bBHA-P aBhargava, R.K. 0aPunjab and the hill statesb: Himachal Pradesh from 1469 to 1849 A.D. aDharmamsalabHero Printersc2012 axv,160p aincludes notes and references aHistoryvHill statezPunjabzIndia aHistoryvGuru Gobind SinghvHill statezHimachal PradeshzIndia